Del subdesarrollo al socialismo

Αποθηκεύτηκε σε:
Λεπτομέρειες βιβλιογραφικής εγγραφής
Κύριοι συγγραφείς: Castro Ruz, Fidel (Συγγραφέας), Guevara, Ernesto (Συγγραφέας)
Μορφή: Βιβλίο
Γλώσσα:Ισπανικά
Έκδοση: Santiago Latinoamericana 1973
Σειρά:Colección Arauco
Θέματα:
Ετικέτες: Προσθήκη ετικέτας
Δεν υπάρχουν, Καταχωρήστε ετικέτα πρώτοι!

MARC

LEADER 00000nam a2200000 a 4500
001 UCO0230
003 CL-VaPUC
008 000420e19730000CL |||||||||||||||||spa|d
082 0 4 |a 335.4347  |b CAS  |2 21 
100 0 |a Castro Ruz, Fidel  |e author  |9 332589 
700 0 |a Guevara, Ernesto  |e author  |9 324868 
245 1 0 |a Del subdesarrollo al socialismo 
300 |a 77 p 
942 |c BK 
945 |d 20000420 00:00:00  |a crobeson 
260 |a Santiago  |b Latinoamericana  |c 1973 
650 0 |a Comunismo  |9 255588 
650 0 |a Socialismo  |9 255260 
650 0 |a Doctrinas políticas  |9 255835 
650 7 |a SUBDESARROLLO  |2 CL-VaPUC  |9 337696 
583 |a last modification  |c 20000420 00:00:00  |k Rodrigo Vera 
490 0 |a Colección Arauco 
999 |c 286945  |d 286943 
952 |0 0  |1 0  |4 0  |6 335_434700000000000_CAS_1973  |7 0  |8 A  |9 333225  |a BIBHIS  |b BIBHIS  |d 2019-11-20  |i 1399837  |o 335.4347 CAS 1973  |p 1399837  |r 2025-01-20  |w 2019-11-20  |y BK  |k HIS